Tìm hiểu tục bầu hậu gửi giỗ ở Bắc Ninh qua tư liệu văn hóa

Nội dung giới thiệu về văn bia có chủ đề bầu hậu, gửi giỗ ở Bắc Ninh và giá trị lịch sử, ý nghĩa nhân văn của nó. Tìm hiểu tình hình bầu hậu Phật, bầu hậu Thần và gửi giỗ tại các chùa ở tỉnh Bắc Ninh qua tư liệu văn bia......

সম্পূর্ণ বিবরণ

সংরক্ষণ করুন:
গ্রন্থ-পঞ্জীর বিবরন
বিন্যাস: গ্রন্থ
ভাষা:Undetermined
প্রকাশিত: Hà Nội Hội nhà văn 2016
বিষয়গুলি:
ট্যাগগুলো: ট্যাগ যুক্ত করুন
কোনো ট্যাগ নেই, প্রথমজন হিসাবে ট্যাগ করুন!
Thư viện lưu trữ: Trung tâm Học liệu Trường Đại học Cần Thơ
LEADER 01017nam a2200193Ia 4500
001 CTU_225875
008 210402s9999 xx 000 0 und d
082 |a 390.09597 
082 |b T310 
245 0 |a Tìm hiểu tục bầu hậu gửi giỗ ở Bắc Ninh qua tư liệu văn hóa 
245 0 |c Nguyễn Quang Khải (nghiên cứu, khảo luận) 
260 |a Hà Nội 
260 |b Hội nhà văn 
260 |c 2016 
520 |a Nội dung giới thiệu về văn bia có chủ đề bầu hậu, gửi giỗ ở Bắc Ninh và giá trị lịch sử, ý nghĩa nhân văn của nó. Tìm hiểu tình hình bầu hậu Phật, bầu hậu Thần và gửi giỗ tại các chùa ở tỉnh Bắc Ninh qua tư liệu văn bia... 
650 |a Phong tục tập quán,Manners and customs 
650 |z Việt Nam,Vietnam 
910 |b dqhieu 
980 |a Trung tâm Học liệu Trường Đại học Cần Thơ